Vector-borne diseases: Epidemiology and control (Record no. 395065)

MARC details
000 -LEADER
fixed length control field 00530 a2200205 4500
005 - DATE & TIME
control field 20260204151403.0
008 - FIXED-LENGTH DATA ELEMENTS--GENERAL INFORMATION
fixed length control field 260204b |||||||| |||| 00| 0 eng d
020 ## - ISBN
International Standard Book Number 9788172335410
Price Rs. 3995.00
040 ## - CATALOGING SOURCE
Original cataloging agency VIVEKANANDA LIBRARY
082 ## - DDC NUMBER
Classification number 595.7
Book Number T952V
100 ## - MAIN ENTRY--PERSONAL NAME
Personal name Tyagi, B K, ed.
110 ## - MAIN ENTRY--CORPORATE NAME
Corporate name
245 ## - TITLE STATEMENT
Title Vector-borne diseases: Epidemiology and control
260 ## - PUBLICATION, DISTRIBUTION, ETC. (IMPRINT)
Name of publisher, distributor, etc Scientific Publishers
Date of publication, distribution, etc 2025
Place of publication, distribution, etc Jodhpur
300 ## - PHYSICAL DESCRIPTION
Pages xxiv, 298
650 ## - Subject
Subject Zoology
650 ## - Subject
Subject Vector Control
650 ## - Subject
Subject Insect Vectors
942 ## - ADDED ENTRY ELEMENTS (KOHA)
Koha item type Books
Holdings
Withdrawn status Lost status Source of classification or shelving scheme Damaged status Not for loan Location (home branch) Sublocation or collection (holding branch) Shelving location Date acquired Koha issues (times borrowed) Koha full call number Accession No. Koha date last seen Koha item type
    Dewey Decimal Classification     VIVEKANANDA LIBRARY VIVEKANANDA LIBRARY Vivekananda Library 06/01/2026   595.7 T952V 444110 06/01/2026 Books
© Designed and Maintained by Vivekananda Library, MDU Rohtak